Bodybuilders - Sudden Death - Statistics

General Stats
  • This quiz has been taken 97 times
  • The average score is 10 of 20
Answers on the Grid
Answers color-coded by a green-red scale on the quiz's grid according to % correct below.
RIch Gaspari
Jay Cutler
Ronnie Coleman
Luka Modric
Kevin Durant
Kevin Levrone
Arnold Schwarzenegger
Noah Lyles
Victor Martinez
Lee Priest
Flex Wheeler
Jay Cole
Dorian Yates
Nick Walker
James Donaldson
Chris Bumstead
Eddie Hall
Hafthor Bjornsonn
Frank Zane
Tom Platz
Chris Cormier
Andrew Jackson
David Gerrold
Markus Ruhl
Derek Lunsford
Yohan Blake
Samson Dauda
Mike Matarazzo
Paul Dillett
Phil Heath
 
Answer Stats
Answer % Correct
Arnold Schwarzenegger
86%
Ronnie Coleman
80%
Jay Cutler
77%
Dorian Yates
71%
Lee Priest
69%
Chris Bumstead
66%
Tom Platz
62%
Kevin Levrone
57%
Flex Wheeler
51%
Phil Heath
46%
Nick Walker
45%
Frank Zane
43%
Markus Ruhl
38%
Derek Lunsford
37%
RIch Gaspari
34%
Samson Dauda
31%
Paul Dillett
29%
Mike Matarazzo
28%
Chris Cormier
22%
Victor Martinez
14%
No matching quizzes found
Score Distribution
Percent of People with Each Score
Percentile by Number Answered
Your Score History
You have not taken this quiz